[Event "Malmo op"]
[Site "Malmo"]
[Date "2022.12.16"]
[Round "1"]
[White "Hillarp Persson, Tiger"]
[Black "Knudsen, Andre"]
[Result "1-0"]
[WhiteElo "2523"]
[BlackElo "1860"]
[PlyCount "99"]
[EventDate "2022.12.16"]
[EventType "swiss"]
[EventRounds "8"]
[EventCountry "SWE"]
[SourceTitle "CBM 211 Extra"]
[Source "ChessBase"]
[SourceDate "2023.01.31"]
[SourceVersion "1"]
[SourceVersionDate "2023.01.31"]
[SourceQuality "1"]

1. d4 Nf6 2. c4 e6 3. Nc3 d5 4. cxd5 exd5 5. Bg5 c6 6. e3 Be7 7. Bd3 Ne4 8. Bxe7 Qxe7 9. Qc2 Nxc3 10. bxc3 Nd7 11. Nf3 h6 12. 0-0 0-0 13. c4 dxc4 14. Bxc4 Nb6 15. Bd3 Nd5 16. a3 Bg4 17. Ne5 Bh5 18. Rfc1 f6 19. Nc4 Bf7 20. Na5 Nb6 21. Nb3 Bxb3 22. Qxb3+ Qf7 23. Qb2 Rfd8 24. Rab1 Rab8 25. Qb4 Kh8 26. a4 Nd5 27. Qb3 Qe7 28. Rxc6 Nb4 29. Re6 Qd7 30. Bf5 Qd5 31. Qxd5 Nxd5 32. Bg6 Rd7 33. h4 Ne7 34. h5 Nxg6 35. hxg6 Kg8 36. Kh2 Kf8 37. Rc1 Re8 38. Rxe8+ Kxe8 39. Rc8+ Ke7 40. g4 Kd6 41. Kg3 b6 42. f4 Rb7 43. e4 a6 44. e5+ fxe5 45. dxe5+ Ke7 46. f5 b5 47. Rg8 Kd7 48. Rxg7+ Kc6 49. Rxb7 Kxb7 50. axb5 1-0

[Event "London Classic op 4th"]
[Site "London"]
[Date "2012.12.08"]
[Round "8"]
[White "Knudsen, Andre"]
[Black "McDonnell, James J"]
[Result "1/2-1/2"]
[WhiteElo "2050"]
[BlackElo "1912"]
[PlyCount "104"]
[EventDate "2012.12.01"]
[EventType "swiss"]
[EventRounds "9"]
[EventCountry "ENG"]
[SourceTitle "EXT 2014"]
[Source "ChessBase"]
[SourceDate "2013.11.20"]
[SourceVersion "1"]
[SourceVersionDate "2013.11.20"]
[SourceQuality "1"]

1. d4 d5 2. g3 Bf5 3. Bg2 Nf6 4. Nf3 h6 5. 0-0 e6 6. c4 c6 7. Nc3 dxc4 8. Ne5 Nbd7 9. Nxc4 Nb6 10. Ne5 Nfd7 11. Nd3 Be7 12. e4 Bh7 13. Be3 Nf6 14. Qb3 0-0 15. Nc5 Qc8 16. a4 Bxc5 17. dxc5 Nbd7 18. h3 e5 19. Rfd1 Qc7 20. a5 a6 21. Qc4 Rfe8 22. Rd6 b5 23. axb6 Nxb6 24. Qe2 Nc8 25. Rd2 a5 26. b4 a4 27. f3 Qb7 28. b5 cxb5 29. Qxb5 Qxb5 30. Nxb5 Ra5 31. Bf1 Na7 32. Nxa7 Rxa7 33. Bb5 Rc8 34. Rxa4 Rxa4 35. Bxa4 g5 36. c6 Nh5 37. Kf2 Ng7 38. c7 Ne6 39. Bb6 Nxc7 40. Rc2 Ra8 41. Bxc7 Rxa4 42. Bxe5 Ra8 43. Bf6 Bg6 44. Rd2 Rc8 45. g4 Kf8 46. Rd8+ Rxd8 47. Bxd8 Kg7 48. e5 Bc2 49. Kg3 Kg6 50. h4 Bd1 51. f4 gxf4+ 52. Kxf4 h5 1/2-1/2

[Event "London Classic op 4th"]
[Site "London"]
[Date "2012.12.05"]
[Round "5"]
[White "Rusek, Walter"]
[Black "Knudsen, Andre"]
[Result "0-1"]
[WhiteElo "1831"]
[BlackElo "2050"]
[PlyCount "86"]
[EventDate "2012.12.01"]
[EventType "swiss"]
[EventRounds "9"]
[EventCountry "ENG"]
[SourceTitle "CBM 151 Extra"]
[Source "ChessBase"]
[SourceDate "2012.12.18"]
[SourceVersion "1"]
[SourceVersionDate "2012.12.18"]
[SourceQuality "1"]

1. d4 d5 2. c4 c6 3. cxd5 cxd5 4. Nc3 Nf6 5. Bf4 e6 6. e3 Bd6 7. Bxd6 Qxd6 8. Nf3 0-0 9. Rc1 Nc6 10. a3 e5 11. Nxe5 Nxe5 12. dxe5 Qxe5 13. Be2 Bd7 14. Bf3 Bc6 15. 0-0 Rad8 16. Qd4 Qxd4 17. exd4 Ne4 18. Nb1 Bb5 19. Rfe1 Ng5 20. Bg4 Rfe8 21. Nc3 Bc4 22. f4 Ne6 23. Bxe6 Rxe6 24. Rxe6 fxe6 25. Nd1 a5 26. Kf2 Kf7 27. Rc3 a4 28. Rh3 Rd6 29. Ke3 Rb6 30. Rxh7 Rb3+ 31. Nc3 Rxb2 32. Nxa4 Rb3+ 33. Kf2 Rxa3 34. Nc5 b5 35. Nd7 Kg8 36. Rh3 b4 37. Ke1 b3 38. Kd2 Ra2+ 39. Kc1 Rc2+ 40. Kb1 Rxg2 41. Nc5 Kf7 42. Nxb3 Bxb3 43. Rxb3 Rxh2 0-1

[Event "London Classic op 4th"]
[Site "London"]
[Date "2012.12.04"]
[Round "4"]
[White "Knudsen, Andre"]
[Black "Rallabandi, Praveen Kumar"]
[Result "0-1"]
[WhiteElo "2050"]
[BlackElo "1793"]
[PlyCount "80"]
[EventDate "2012.12.01"]
[EventType "swiss"]
[EventRounds "9"]
[EventCountry "ENG"]
[SourceTitle "CBM 151 Extra"]
[Source "ChessBase"]
[SourceDate "2012.12.18"]
[SourceVersion "1"]
[SourceVersionDate "2012.12.18"]
[SourceQuality "1"]

1. d4 Nf6 2. Nf3 g6 3. Bf4 Bg7 4. e3 d5 5. h3 c5 6. c3 Qb6 7. Qc1 0-0 8. Bd3 Nbd7 9. 0-0 Ne4 10. Nbd2 f5 11. b4 c4 12. Be2 a5 13. b5 Qxb5 14. Qa3 Nxd2 15. Nxd2 e5 16. Bh2 Re8 17. Rab1 Qc6 18. Bf3 b5 19. g4 Bf8 20. Qc1 fxg4 21. Bxg4 e4 22. f4 Nf6 23. f5 h5 24. Be2 Bxf5 25. Be5 Nd7 26. Qe1 Nxe5 27. dxe5 Rxe5 28. Qg3 Bd6 29. Bxh5 Re6 30. Qg2 Kh7 31. Bg4 Rf6 32. Rf2 Be5 33. Nf1 Bxc3 34. Ng3 Bxg4 35. hxg4 Raf8 36. Rxf6 Rxf6 37. g5 Rf3 38. Qh2+ Kg8 39. Nxe4 dxe4 40. Rd1 Qb6 0-1